LEADER 01707nam0 22003493i 450 001 SBL0239590 005 20231121125818.0 020 $aIT$b7910710 100 $a20150515d1978 ||||0itac50 ba 101 | $aita 102 $ait 181 1$6z01$ai $bxxxe 182 1$6z01$an 200 1 $aSan Francesco d'Assisi, le Clarisse e la Regola benedettina$eappunti per una storia della cultura benedettina$fAnnibale Ilari 210 $aFerentino$c[s.n.]$d1978$eRoma$gS.A.G.ED 215 $a22 p.$d24 cm 225 | $aQuaderni dell'archivio storico e notarile del Comune di Ferentino Antonio Floridi 410 0$1001SBL0239589$12001 $aQuaderni dell'archivio storico e notarile del Comune di Ferentino Antonio Floridi$171202$aArchivio storico e notarile Antonio Floridi$c $3SBLV138284 606 $aFrancescani$xRegola$xInflussi benedettini$2FIR$3RMLC407071$9I 676 $a255$9$v21 700 1$aIlari$b, Annibale$3SBLV092205$4070$0532434 801 3$aIT$bIT-01$c20150515 850 $aIT-RM0281 $aIT-FR0084 $aIT-RM0151 $aIT-FR0017 899 $aBIBLIOTECA VALLICELLIANA$bRM0281 899 $aBiblioteca Del Monumento Nazionale Di Montecassino$bFR0084 899 $aBiblioteca Istituto Storico Italiano Medio Evo - I$bRM0151 899 $aBiblioteca umanistica Giorgio Aprea$bFR0017 $eN 912 $aSBL0239590 950 0$aBiblioteca umanistica Giorgio Aprea$d 52MAG OPU 12$e 52MAG0000055455 VMN RS $fA $h20171114$i20171114 977 $a 08$a 25$a 41$a 52 996 $aSan Francesco d'Assisi, le Clarisse e la Regola benedettina$93636101 997 $aUNICAS LEADER 01575nam0 2200385 i 450 001 CFI0111117 005 20231121125437.0 010 $a8842028568 020 $aIT$b89-11037 100 $a20080422d1987 ||||0itac50 ba 101 | $aita 102 $ait 181 1$6z01$ai $bxxxe 182 1$6z01$an 200 1 $aAreopagitica$ediscorso per la libertà della stampa$fJohn Milton$ga cura di Giulio Giorello 210 $aRoma \ecc.!$cLaterza$d1987 215 $aLXXIX, 129 p.$d18 cm. 225 | $aUniversale Laterza$v699 410 0$1001CFI0000008$12001 $aUniversale Laterza$v699 500 10$aAreopagitica.$3CFI0111144$9CFIV059402$9554144 676 $a323.445$9$v21 700 1$aMilton$b, John$f <1608-1674>$3CFIV059402$4070$0308340 702 1$aGiorello$b, Giulio$f <1945-2020>$3CFIV038015 790 1$aMilton$b, Giovanni$3LIAV314286$zMilton, John <1608-1674> 790 1$aMiltonus$b, Joannes$3SBNV038508$zMilton, John <1608-1674> 801 3$aIT$bIT-01$c20080422 850 $aIT-RM0418 $aIT-FR0084 $aIT-FR0017 899 $aBIBLIOTECA ACCADEMIA NAZ. DEI LINCEI E CORSINIANA$bRM0418 899 $aBiblioteca Del Monumento Nazionale Di Montecassino$bFR0084 899 $aBiblioteca umanistica Giorgio Aprea$bFR0017 $eN 912 $aCFI0111117 950 0$aBiblioteca umanistica Giorgio Aprea$d 52MAG 1/1759$e 52MAG0000192485 VMB RS $fA $h20181203$i20181203 977 $a 10$a 25$a 52 996 $aAreopagitica$9554144 997 $aUNICAS